| 000 | 00476nam a22001937a 4500 | ||
|---|---|---|---|
| 003 | CEME | ||
| 005 | 20210628203539.0 | ||
| 008 | 210119b xxu||||| |||| 00| 0 eng d | ||
| 020 | _a9788131725641 | ||
| 040 | _c. | ||
| 082 | _a658.3125 AGU | ||
| 100 |
_aAguinis, Herman _963020 |
||
| 245 | _aPerformance managment | ||
| 250 | _a2ND | ||
| 260 |
_aINDIA _bPEARSON EDUCATION AISA _c2009 |
||
| 300 | _aXVI,296P | ||
| 650 |
_aPERFORMANCE MANAGMENT _966176 |
||
| 942 |
_cBK _2ddc |
||
| 999 |
_c574184 _d574184 |
||